[Event "AUTO-OPEN-4609"]
[Site "http://www.queenalice.com/game.php?id=1861520"]
[Date "2025.8.12"]
[Round "1"]
[White "Zero007"]
[Black "Fischercat"]
[Result "1-0"]
[WhiteElo "2002"]
[BlackElo "1847"]

1. d4 d5 2. Nf3 h6 3. Nc3 e6 4. e4 Bb4 5. exd5 exd5 6. Bd2 Nf6 7. a3 Bxc3 8.
Bxc3 O-O 9. Be2 Ne4 10. O-O Nc6 11. Qd3 Bf5 12. Qd1 Nxc3 13. bxc3 Re8 14. Bd3
Bg4 15. h3 Bxf3 16. Qxf3 Re6 17. Rfe1 Qf6 18. Qxf6 Rxf6 19. Re3 a6 20. Rae1 Kf8
21. Rb1 Re8 22. Rxe8+ Kxe8 23. Rxb7 Kd8 24. Kf1 Kc8 25. Rb1 Na5 26. Rb4 Rc6 27.
Ra4 Nc4 28. Bxc4 Rxc4 29. Rxc4 dxc4 30. Ke2 Kb7 31. Ke3 Kb6 32. Ke4 c6 33. Ke5
Kb5 34. Kd6 a5 35. a4+ Kb6 36. Ke7 1-0

[Event "AUTO-OPEN-4609"]
[Site "http://www.queenalice.com/game.php?id=1861522"]
[Date "2025.8.12"]
[Round "1"]
[White "delphicoracle"]
[Black "Fischercat"]
[Result "1-0"]
[WhiteElo "2692"]
[BlackElo "1824"]

1. d4 d5 2. Bf4 Nf6 3. e3 Bf5 4. c4 dxc4 5. Bxc4 e6 6. Nc3 Bb4 7. Ne2 O-O 8. a3
Bd6 9. f3 Nbd7 10. g4 Bg6 11. h4 Nb6 12. Ba2 Bxf4 13. Nxf4 h5 14. Nxg6 fxg6 15.
Qd3 Kh7 16. O-O-O hxg4 17. h5 Rh8 18. Qxg6+ Kg8 19. Bxe6+ Kf8 20. Qf7# 1-0

[Event "AUTO-OPEN-4612"]
[Site "http://www.queenalice.com/game.php?id=1862319"]
[Date "2025.8.31"]
[Round "1"]
[White "IranSilva"]
[Black "Fischercat"]
[Result "1-0"]
[WhiteElo "2251"]
[BlackElo "1831"]

1. Nf3 Nc6 2. g3 d5 3. Bg2 Bg4 4. d4 e6 5. O-O Bxf3 6. Bxf3 Bd6 7. b3 Qf6 8. Bb2
Bc5 9. c3 Bd6 10. Nd2 Nge7 11. e4 dxe4 12. Nxe4 Qf5 13. Nxd6+ cxd6 14. c4 O-O
15. Bg2 Qg6 16. d5 Nb4 17. dxe6 Nd3 18. exf7+ Rxf7 19. Ba3 Raf8 20. f3 Nc6 21.
Qd2 Nce5 22. f4 Ng4 23. Bd5 Nxf4 24. Rxf4 Kh8 25. Bxf7 1-0

[Event "AUTO-OPEN-4612"]
[Site "http://www.queenalice.com/game.php?id=1862320"]
[Date "2025.8.31"]
[Round "1"]
[White "Fischercat"]
[Black "IranSilva"]
[Result "0-1"]
[WhiteElo "1825"]
[BlackElo "2228"]

1. Nc3 d5 2. d4 Nf6 3. b3 e6 4. Bg5 Nbd7 5. Na4 Be7 6. Nf3 h6 7. Bh4 O-O 8. e3
Ne4 9. Bxe7 Qxe7 10. Bd3 Ndf6 0-1

[Event "AUTO-OPEN-4612"]
[Site "http://www.queenalice.com/game.php?id=1862341"]
[Date "2025.8.31"]
[Round "1"]
[White "jogo"]
[Black "Fischercat"]
[Result "0-1"]
[WhiteElo "1875"]
[BlackElo "1801"]

1. e4 e5 2. Nf3 d6 3. d4 Bg4 4. dxe5 Bxf3 5. Qxf3 dxe5 6. Bc4 Qd7 7. O-O Nc6 8.
c3 h6 9. Rd1 Qe7 10. b3 Rd8 11. Rxd8+ Nxd8 12. Ba3 Qd7 13. Bxf8 Kxf8 14. Na3 Nf6
15. Rd1 Qe7 16. Nc2 Nc6 17. b4 Kg8 18. a3 a6 19. Ne3 b5 20. Ba2 Nd8 21. Nf5 Qe8
22. Qg3 g6 23. Nxh6+ Rxh6 24. Qg5 Kg7 25. g4 Ne6 26. Qxe5 g5 27. Bxe6 Qxe6 28.
Qxg5+ Rg6 29. Qf5 Rxg4+ 30. Kf1 Qc4+ 31. Ke1 Rxe4+ 32. Kd2 Re2+ 0-1

[Event "AUTO-OPEN-4612"]
[Site "http://www.queenalice.com/game.php?id=1862342"]
[Date "2025.8.31"]
[Round "1"]
[White "Fischercat"]
[Black "jogo"]
[Result "1-0"]
[WhiteElo "1824"]
[BlackElo "1604"]

1. Nc3 e5 2. e4 Nf6 3. a3 d5 4. exd5 Nxd5 5. Bc4 Nf4 6. d3 Nxg2+ 7. Kf1 Nf4 8.
Bxf4 exf4 9. Qf3 g5 10. Nd5 Bd6 11. Re1+ Kf8 12. Qh5 Be6 13. Qh6+ Ke8 14. Nf6+
Ke7 15. Rxe6+ fxe6 16. Qg7# 1-0

[Event "AUTO-OPEN-4612"]
[Site "http://www.queenalice.com/game.php?id=1862353"]
[Date "2025.8.31"]
[Round "1"]
[White "game"]
[Black "Fischercat"]
[Result "0-1"]
[WhiteElo "1696"]
[BlackElo "1804"]

1. e4 e5 2. Nf3 Bc5 3. Bc4 Nc6 4. d3 Nd4 5. Ng5 Nh6 6. O-O Qf6 7. h4 Ne6 8. Qh5
Qg6 9. Qf3 f6 10. h5 Nxg5 11. Bxg5 Qxg5 12. Nc3 d6 13. Nb5 Bg4 14. Qg3 O-O-O 15.
a3 Be2 16. Qh3+ Kb8 17. Rfc1 Ng4 18. g3 Nxf2 19. Qh2 Nh3+ 20. Kg2 Nf4+ 21. Kh1
Bf3+ 0-1

[Event "AUTO-OPEN-4616"]
[Site "http://www.queenalice.com/game.php?id=1863460"]
[Date "2025.9.27"]
[Round "1"]
[White "josebaron"]
[Black "Fischercat"]
[Result "1-0"]
[WhiteElo "2138"]
[BlackElo "1820"]

1. e4 e5 2. Nf3 d6 3. d4 exd4 4. Nxd4 c5 5. Bb5+ Bd7 6. Bxd7+ Qxd7 7. Nf3 h6 8.
O-O Be7 9. c4 Nf6 10. Nc3 O-O 11. e5 dxe5 12. Nxe5 Qxd1 13. Rxd1 Na6 14. Be3
Rad8 15. a3 Bd6 16. Nf3 Ng4 17. h3 Nxe3 18. fxe3 Nc7 19. a4 Ne6 20. Nb5 Be7 21.
Rxd8 Rxd8 22. Nxa7 Rd3 23. Kf2 Ng5 24. Nc8 Bf6 25. Nxg5 Bxg5 26. Re1 Rd2+ 27.
Re2 Rd8 28. Nb6 Rd3 29. Nd5 Kf8 30. Kf3 f5 31. g4 g6 32. gxf5 gxf5 33. h4 Bxh4
34. Kf4 Rd1 35. Kxf5 Rf1+ 36. Ke6 Bg5 37. e4 Rc1 38. Nc3 Kg7 39. e5 Rf1 40. Kd6
1-0

[Event "AUTO-OPEN-4616"]
[Site "http://www.queenalice.com/game.php?id=1863461"]
[Date "2025.9.27"]
[Round "1"]
[White "Fischercat"]
[Black "josebaron"]
[Result "0-1"]
[WhiteElo "1817"]
[BlackElo "2141"]

1. a3 e5 2. e4 Nf6 3. d3 Bc5 4. Bg5 d6 5. h3 h6 6. Bh4 Nc6 7. Nf3 O-O 8. b4 Bb6
9. Nc3 Nd4 10. Nxd4 Bxd4 11. Qd2 c5 12. Ra2 Bxc3 13. Qxc3 Nxe4 14. dxe4 Qxh4 15.
Qd3 cxb4 16. axb4 Qf6 17. Be2 b6 18. c4 Bb7 19. O-O Qe6 20. Bg4 Qe7 21. f4 exf4
22. Rxf4 a5 23. Raf2 axb4 24. Bh5 f6 25. R2f3 Ra3 26. Qd4 Rxf3 27. gxf3 Qe5 28.
Qxe5 fxe5 29. Rg4 Rxf3 30. Rxg7+ Kxg7 31. Bxf3 b3 32. Bd1 Bxe4 33. Bxb3 Kg6 34.
Kf2 Kg5 35. Kg3 h5 0-1

[Event "AUTO-OPEN-4616"]
[Site "http://www.queenalice.com/game.php?id=1863482"]
[Date "2025.9.27"]
[Round "1"]
[White "peonaislado"]
[Black "Fischercat"]
[Result "0-1"]
[WhiteElo "1780"]
[BlackElo "1800"]

1. d4 d5 2. c4 dxc4 3. Nc3 Nc6 4. Nf3 Bg4 5. e3 Nf6 6. Bxc4 e6 7. O-O a6 8. h3
Bh5 9. e4 Bxf3 10. Qxf3 Qxd4 11. Qe2 Bd6 12. Be3 Qe5 13. f4 Qh5 14. e5 Bxe5 15.
fxe5 Nxe5 16. Qxh5 Nxh5 17. Rad1 Nxc4 18. Bc1 O-O 19. b3 Ne5 20. Kh2 Rad8 21.
Rde1 Nd3 22. Ba3 Nxe1 23. Bxf8 Nxg2 24. Kxg2 Kxf8 25. Kf3 Rd3+ 0-1

[Event "AUTO-OPEN-4616"]
[Site "http://www.queenalice.com/game.php?id=1863483"]
[Date "2025.9.27"]
[Round "1"]
[White "Fischercat"]
[Black "peonaislado"]
[Result "0-1"]
[WhiteElo "1814"]
[BlackElo "1762"]

1. Nf3 d5 2. h3 Nc6 3. e3 e5 4. Bb5 Nf6 5. Bxc6+ bxc6 6. Nxe5 Bd6 7. Nxc6 Qd7 8.
Nd4 c5 9. Nf3 Ba6 10. b3 c4 11. Bb2 Qe7 12. Nd4 O-O 13. Nf5 Qe6 14. Nxd6 Qxd6
15. Ba3 Qe5 16. Nc3 Rfd8 17. Qf3 d4 18. Ne4 Nxe4 19. bxc4 dxe3 0-1

[Event "AUTO-OPEN-4616"]
[Site "http://www.queenalice.com/game.php?id=1863496"]
[Date "2025.9.27"]
[Round "1"]
[White "Fischercat"]
[Black "Takeda"]
[Result "0-1"]
[WhiteElo "1796"]
[BlackElo "2039"]

1. d4 g6 2. c3 Bg7 3. Nf3 Nf6 4. Bf4 O-O 5. e3 d6 6. Bd3 Bg4 7. h3 Bxf3 8. Qxf3
c6 9. O-O Qb6 10. b4 Nbd7 11. Nd2 e5 12. dxe5 dxe5 13. Nc4 Qc7 14. Bg5 Rfe8 15.
Be4 Nxe4 16. Qxe4 Nf6 17. Bxf6 Bxf6 18. Rad1 Rad8 19. f4 exf4 20. Qxf4 Qxf4 21.
exf4 Bxc3 22. a3 b5 23. Na5 c5 24. Nb7 Rxd1 25. Rxd1 cxb4 26. axb4 Bxb4 27. Rb1
Re1+ 28. Rxe1 Bxe1 29. Nc5 Kf8 30. Na6 Ke7 31. Nc7 b4 32. Kf1 Bc3 33. Ke2 a5 34.
Nd5+ Kd6 35. Nxc3 bxc3 36. Kd3 Kd5 37. Kxc3 Ke4 0-1

[Event "AUTO-ADV-4899"]
[Site "http://www.queenalice.com/game.php?id=1864566"]
[Date "2025.10.20"]
[Round "1"]
[White "dosoldini"]
[Black "Fischercat"]
[Result "0-1"]
[WhiteElo "1615"]
[BlackElo "1815"]

1. e4 e5 2. Nf3 d6 3. Bc4 h6 4. h3 Nf6 5. Nc3 Nbd7 6. O-O Nc5 7. b4 Ncxe4 8. Ne2
Be6 9. Bxe6 fxe6 10. d4 Qe7 11. Nh4 g5 12. Ng6 Qg7 13. Nxh8 Qxh8 14. Bb2 O-O-O
15. Qd3 Bg7 16. Qe3 g4 17. Nc3 Nxc3 18. Bxc3 Nd5 19. Qd3 Nxc3 20. Qxc3 exd4 21.
Qd3 gxh3 22. Qxh3 Qg8 23. Rae1 Re8 24. Re2 Kb8 25. Re4 e5 26. Qh5 a6 27. Rg4 Rf8
28. Rg3 Qh7 29. Qg4 Bf6 30. Qh5 Bg5 31. Rxg5 Rf7 32. Rg6 Rf4 33. Rxh6 Qxc2 34.
Qe8+ Ka7 35. Qd8 Rxf2 36. Rf6 Rxg2+ 0-1

[Event "AUTO-ADV-4899"]
[Site "http://www.queenalice.com/game.php?id=1864567"]
[Date "2025.10.20"]
[Round "1"]
[White "Fischercat"]
[Black "dosoldini"]
[Result "1-0"]
[WhiteElo "1790"]
[BlackElo "1638"]

1. d4 d5 2. Nf3 Nc6 3. h3 h6 4. b3 e6 5. Ba3 Bd6 6. e3 Qe7 7. Bxd6 Qxd6 8. a3 a6
9. Bd3 e5 10. dxe5 Nxe5 11. Nc3 Qc6 12. Qd2 Nxf3+ 13. gxf3 d4 14. exd4 Nf6 15.
Qe3+ Be6 16. O-O-O Qxc3 17. Bb5+ Qc6 18. Bxc6+ Nd7 19. d5 O-O 20. dxe6 bxc6 21.
Rxd7 Rae8 22. e7 1-0

[Event "AUTO-ADV-4899"]
[Site "http://www.queenalice.com/game.php?id=1864580"]
[Date "2025.10.20"]
[Round "1"]
[White "Fischercat"]
[Black "Pin"]
[Result "1-0"]
[WhiteElo "1831"]
[BlackElo "2030"]

1. Nf3 Nf6 2. Nc3 g6 3. b3 Bg7 4. d4 d5 5. Bf4 c6 6. Qd2 O-O 7. Bh6 Ng4 8. Bxg7
Kxg7 9. h3 Nf6 10. e3 Bf5 11. Bd3 Qc8 12. g4 Bxd3 13. Qxd3 Nbd7 14. O-O-O Re8
15. g5 Nh5 16. h4 e5 17. dxe5 Kg8 18. Ne2 Ng7 19. Ng3 Nxe5 20. Nxe5 Rxe5 21. f4
Re7 22. h5 Qe8 23. Rde1 Qd7 24. Qd4 Ne6 25. Qf6 Qe8 26. h6 Qf8 27. f5 Nc5 28.
Rhf1 Ne4 29. Nxe4 Rxe4 30. Rf4 Qa3+ 31. Kb1 Qf8 32. Ref1 Rxf4 33. Rxf4 Re8 34.
fxg6 fxg6 35. Qd4 Qe7 36. Rf6 Qxe3 37. Rf8+ 1-0

[Event "AUTO-ADV-4899"]
[Site "http://www.queenalice.com/game.php?id=1864581"]
[Date "2025.10.20"]
[Round "1"]
[White "Pin"]
[Black "Fischercat"]
[Result "1-0"]
[WhiteElo "2004"]
[BlackElo "1809"]

1. e4 e5 2. Nc3 Bb4 3. Nf3 d6 4. Bc4 Bxc3 5. dxc3 h6 6. Be3 Qe7 7. O-O Be6 8.
Be2 Nf6 9. Nd2 O-O 10. f3 c5 11. c4 Nc6 12. c3 a6 13. b3 b5 14. cxb5 axb5 15.
Bxb5 Rfc8 16. Be2 Rc7 17. Nc4 Rd8 18. Nb6 Rb7 19. Nd5 Bxd5 20. exd5 Na7 21. c4
Qd7 22. Qd2 Ra8 23. Rfb1 Ne8 24. a3 Nf6 25. b4 Nc8 26. b5 Nb6 27. Qc2 1-0

[Event "AUTO-OPEN-4623"]
[Site "http://www.queenalice.com/game.php?id=1865314"]
[Date "2025.11.8"]
[Round "1"]
[White "maurice916"]
[Black "Fischercat"]
[Result "0-1"]
[WhiteElo "1871"]
[BlackElo "1855"]

1. Nf3 Nf6 2. b3 d5 3. Bb2 e6 4. e3 Bd6 5. d4 Ne4 6. Bd3 b6 7. O-O Bb7 8. c4 Nc6
9. Qc2 Nb4 10. Qe2 Nxd3 11. Qxd3 Qe7 12. a4 Bb4 13. Nfd2 Qg5 14. Nxe4 dxe4 15.
Qe2 Bd6 16. Nd2 Qh4 17. g3 Qh3 18. f4 exf3 19. Nxf3 Bxg3 20. hxg3 g5 21. Qg2
Qxg2+ 22. Kxg2 h6 23. Kh2 O-O-O 24. d5 Rhe8 25. Bf6 Rd7 26. Ne5 Rd6 27. Nxf7 Rd7
28. dxe6 Rxe6 29. Ne5 Rd2+ 30. Kh3 Bg2+ 31. Kg4 Bxf1 32. Rxf1 Rb2 33. Rd1 Rxf6
34. Rd3 Rd6 35. Rc3 Rdd2 36. Nf3 Rbc2 37. Rxc2 Rxc2 38. Nd4 Rd2 39. Kh5 Rd3 40.
Kxh6 Rxe3 41. g4 Re4 42. Nc6 Rxg4 43. Ne7+ Kd7 44. Nd5 Rg3 45. Nf6+ Ke6 46. Ne4
Rxb3 47. Nxg5+ Kd7 48. Ne4 Rb4 49. Nf6+ Kc8 0-1

[Event "AUTO-OPEN-4623"]
[Site "http://www.queenalice.com/game.php?id=1865315"]
[Date "2025.11.8"]
[Round "1"]
[White "Fischercat"]
[Black "maurice916"]
[Result "1-0"]
[WhiteElo "1801"]
[BlackElo "1715"]

1. d4 d6 2. e4 e5 3. d5 c5 4. Bb5+ Bd7 5. Bxd7+ Nxd7 6. Nh3 Ngf6 7. Nc3 Be7 8.
O-O O-O 9. Qf3 Re8 10. Bg5 Nf8 11. Ne2 Ng6 12. Ng3 Qb6 13. b3 Rac8 14. c4 a5 15.
Bxf6 Bxf6 16. Nh5 Rcd8 17. Nxf6+ gxf6 18. Qxf6 a4 19. Ng5 Qc7 20. Rae1 a3 21.
Re3 Qe7 22. Qf5 Rb8 23. Rh3 Nf4 24. Qxh7+ 1-0